000 01424cam a22003494a 4500
001 13566290
003 OSt
005 20151026152602.0
008 040421s2005 paua b 001 0beng
010 _a 2004009325
020 _a0791080277
040 _aDLC
_cDLC
_dDLC
042 _apcc
043 _an-us---
050 0 0 _aRC339.52.K83
_bW67 2005
082 0 0 _a616.89/0092
_aB
_222
100 1 _aWorth, Richard.
245 1 0 _aElisabeth Kübler-Ross :
_bencountering death and dying /
_cRichard Worth.
260 _aPhiladelphia :
_bChelsea House Publishers,
_cc2005.
300 _a116 p. :
_bill. (some col.) ;
_c23 cm.
440 0 _aWomen in medicine
504 _a"Chronology": p. 100-102.
504 _aIncludes bibliographical references (p. 103-106) and index.
505 0 _aDr. Kübler-Ross, death, and dying -- Early years -- Dr. Kübler-Ross -- On death and dying -- Children and death -- Life after death -- The hospice movement and aids -- Helping the dying and their families.
600 1 0 _aKübler-Ross, Elisabeth.
650 0 _aPsychiatrists
_zUnited States
_vBiography.
650 0 _aDeath
_xPsychological aspects.
856 4 1 _3Table of contents
_uhttp://www.loc.gov/catdir/toc/ecip0417/2004009325.html
906 _a7
_bcbc
_corignew
_d1
_eecip
_f20
_gy-gencatlg
942 _2lcc
_cBK
999 _c250951
_d250951